| 000 | 00458nam a2200181Ia 4500 | ||
|---|---|---|---|
| 008 | 090124s9999 xx 000 0 und d | ||
| 082 | _b2027 | ||
| 100 | _aCOLE G.D.H. | ||
| 245 | _aVICTORY OR VESTED INTEREST? | ||
| 250 | _a0 | ||
| 260 |
_b"GEORGE ROUTLEDGE &SON, LTD" _c1942 |
||
| 300 | _a907 | ||
| 600 | _aCOLE G.D.H. | ||
| 630 | _aVICTORY OR VESTED INTEREST? | ||
| 700 | _aCOLE G.D.H. | ||
| 730 | _aVICTORY OR VESTED INTEREST? | ||
| 942 | _cBOOK | ||
| 999 |
_c82173 _d82173 |
||